Sculptural art of Sirpur (Record no. 941375)

MARC details
000 -LEADER
fixed length control field 00941nam a2200289Ia 4500
003 - CONTROL NUMBER IDENTIFIER
control field OSt
005 - DATE AND TIME OF LATEST TRANSACTION
control field 20221005033331.0
008 - FIXED-LENGTH DATA ELEMENTS--GENERAL INFORMATION
fixed length control field 221004b |||||||| |||| 00| 0 eng d
020 ## - INTERNATIONAL STANDARD BOOK NUMBER
International Standard Book Number 9789386223234 (hbk)
037 ## - SOURCE OF ACQUISITION
Terms of availability Textual
040 ## - CATALOGING SOURCE
Original cataloging agency CRL
Transcribing agency CRL
Language of cataloging eng
041 ## - LANGUAGE CODE
Source of code eng
Language code of text/sound track or separate title eng
100 ## - MAIN ENTRY--PERSONAL NAME
Personal name Sharma A.K. Au.
9 (RLIN) 412469
245 #0 - TITLE STATEMENT
Title Sculptural art of Sirpur
260 ## - PUBLICATION, DISTRIBUTION, ETC.
Place of publication, distribution, etc. Delhi
Name of publisher, distributor, etc. B.R. Publishing India
Date of publication, distribution, etc. 2017
300 ## - PHYSICAL DESCRIPTION
Extent xvi,236p.
Dimensions cm.
650 ## - SUBJECT ADDED ENTRY--TOPICAL TERM
Topical term or geographic name entry element SIRPUR SCULPTURE
9 (RLIN) 586020
650 ## - SUBJECT ADDED ENTRY--TOPICAL TERM
Topical term or geographic name entry element ARTS
700 ## - ADDED ENTRY--PERSONAL NAME
Personal name Singh Prabhat Kumar Au.
9 (RLIN) 586021
700 ## - ADDED ENTRY--PERSONAL NAME
Personal name Tirkey Praveen Au.
9 (RLIN) 586022
942 ## - ADDED ENTRY ELEMENTS (KOHA)
Classification part ND447185,C, Q7
Koha item type Textual
Source of classification or shelving scheme
Holdings
Withdrawn status Lost status Damaged status Not for loan Home library Current library Date acquired Source of acquisition Total Checkouts Full call number Barcode Date last seen Date last checked out Price effective from Koha item type
        Central Library Central Library 2022-10-05 BBS/01, 23/08/2017, Better Book Service 2 ND447185,C Q7 CL1452511 2025-05-24 2025-04-24 2022-10-05 Textual
Copyright @ Delhi University Library System